000 00827nam a22002297a 4500
005 20160718153412.0
008 160718s2010 pe ao|||r|||| 00| 0 spa d
020 _a9786124054310
040 _aCO-BoIAVH
_cCO-BoIAVH
041 0 _aspa
044 _ape
082 0 4 _a333.911
_bA28a
245 0 0 _aEl agua de los Andes :
_bun recurso clave para el desarrollo e integración de la región /
260 _aLima, Perú :
_bComunidad Andina,
_c2010.
300 _a40 páginas :
_bilustraciones, gráficas y fotografías a color ;
_c26 x 21 cm.
650 2 6 _aRecursos hídricos
_zRegión andina
650 2 6 _aAgua
_zRegión andina
650 2 6 _aConservación de aguas
_zRegión andina
700 1 _aEncalada, Gabriela
700 1 _aGuhl Nannetti, Ernesto
_ecoordinador
942 _2ddc
_cLIBRO
999 _c18872
_d18872